Manažérske hry ako nástroj výcviku manažérov diplomová práca

Gespeichert in:
Bibliographische Detailangaben
1. Verfasser: Šprtka, Martin
Körperschaft: Fakulta podnikového manažmentu EU. Katedra manažmentu
Weitere Verfasser: Roby, Zuzana
Format: Buch
Sprache:Slowakisch
Veröffentlicht: Bratislava 2008
Tags: Tag hinzufügen
Keine Tags, Fügen Sie das erste Tag hinzu!

MARC

LEADER 00000nam$a2200000$$$4500
001 0086567
005 20240201115500.2
041 0 |a slo 
044 |a SK 
245 1 0 |a Manažérske hry ako nástroj výcviku manažérov  |b diplomová práca  |c Martin Šprtka ; škol. Zuzana Roby 
264 1 |a Bratislava  |c 2008 
300 |a 58 s. 
100 1 |a Šprtka, Martin 
700 1 |a Roby, Zuzana 
710 2 |a Fakulta podnikového manažmentu EU. Katedra manažmentu